Language Quiz

Random Language or Letter Quiz

Making 90 words out of 'coordinate' Quiz Stats

Quiz not verified by Sporcle

Also try: Generonyms
Challenge
Share
Tweet
Embed
Score 0/90 Timer 10:00
0 Plays Today
% Correct
din
100%
tin
93.8%
cot
93.8%
rod
93.8%
ate
93.8%
eat
87.5%
dot
87.5%
ton
87.5%
not
87.5%
cod
87.5%
tan
87.5%
rot
87.5%
ran
81.3%
con
81.3%
ten
75%
tea
75%
don
75%
cor
75%
nit
75%
coo
75%
are
75%
ted
68.8%
too
68.8%
toe
68.8%
dor
68.8%
doe
68.8%
red
68.8%
ore
68.8%
rat
68.8%
oat
68.8%
% Correct
rad
68.8%
rid
68.8%
net
68.8%
rin
68.8%
ear
62.5%
den
62.5%
can
62.5%
one
62.5%
cat
62.5%
tad
62.5%
tar
62.5%
dit
56.3%
tod
56.3%
nor
56.3%
oar
56.3%
ode
56.3%
roe
56.3%
ire
56.3%
tic
50%
aid
50%
air
50%
tor
50%
car
50%
nod
50%
ort
50%
ace
50%
roc
50%
ant
43.8%
era
43.8%
doc
43.8%
% Correct
and
43.8%
die
43.8%
orc
43.8%
ret
43.8%
art
43.8%
eta
37.5%
end
37.5%
cad
37.5%
arc
37.5%
eon
31.3%
tae
31.3%
tie
31.3%
ain
31.3%
ait
31.3%
act
31.3%
noo
31.3%
ria
31.3%
oot
31.3%
ice
25%
ado
25%
nae
25%
ane
18.8%
ora
18.8%
ion
18.8%
ani
12.5%
ern
12.5%
rei
12.5%
tao
12.5%
rec
6.3%
oca
6.3%

You're not logged in!

Compare scores with friends on all Sporcle quizzes.
Join for Free
OR
Log In

You Might Also Like...

Show Comments

Extras

Created Mar 4, 2016ReportNominate
Tags:Letter Quiz, coordinate

Top Quizzes Today


Score Distribution

Your Account Isn't Verified!

In order to create a playlist on Sporcle, you need to verify the email address you used during registration. Go to your Sporcle Settings to finish the process.

Report this User

Report this user for behavior that violates our Community Guidelines.

Details: